La Generalitat de Catalunya a la Drassana Reial de Barcelona en temps d'Alfons el Magnànim / Albert Estrada-Rius
ISBN:
978-84-934431-4-6
Descripción Física:
138 p. : fot. ; 24 cm
Colección:
Estudis ; 12 (E12)
Otros Autores:
Museu Marítim (Barcelona)
MARC
| LEADER | 00000nam a2200000Ia 4500 | ||
|---|---|---|---|
| 001 | 20697 | ||
| 008 | 160829s2008 xx 000 0 cat d | ||
| 020 | |a 978-84-934431-4-6 | ||
| 080 | |a H-3-69 | ||
| 100 | |a Estrada i Rius, Albert |9 24518 | ||
| 245 | |a La Generalitat de Catalunya a la Drassana Reial de Barcelona en temps d'Alfons el Magnànim / Albert Estrada-Rius | ||
| 260 | |a Barcelona : |b Museu Marítim de Barcelona, |c 2008 | ||
| 300 | |a 138 p. : |b fot. ; |c 24 cm | ||
| 490 | |a Estudis ; 12 (E12) | ||
| 650 | 0 | |a Drassanes |z Barcelona |x Història |9 24519 | |
| 650 | |a Catalunya. Generalitat |x Història |x S. XV |9 38207 | ||
| 700 | |a Museu Marítim (Barcelona) | ||
| 901 | |a Arxiu | ||
| 942 | |n 1 | ||
| 952 | |0 0 |1 0 |4 0 |6 H369 |7 1 |9 48321 |a Arxiu |b Arxiu |d 2016-12-01 |l 0 |o H-3-69 |p 20697 |r 2016-12-01 00:00:00 |w 2016-12-01 |y ARXIU | ||
| 999 | |c 52127 |d 52127 | ||